01211nam a2200313 a 4500001001000000003000500010005001700015008004100032010001100073011001100084040000900095090001000104100004300114245011400157260004100271500006000312502008100372590004000453590004000493650003800533650003300571650005000604856007000654901000700724942001000731942000600741999001900747952013100766000115243CHAP20220329144525.0190121s2018 mx sm |||||||spa d a111704 a112676 cCHAP aTesis1 aRodríguez Romero, Francisco.913547010aMedición comercial de maderas :h[En línea]bprácticas en México /cpor Francisco Rodríguez Romero. aChapingo, Méx. :bEl autor,c2018. aPara ver el contenido del material haga clic en la liga aTesis (Ing. Agr. Esp. en Bosques) -- UACH. División de Ciencias Forestales aE5765TAJb05c20190121lUCH01h0911 aE5765TAJb05c20190121lUCH01h091214aMadera aserradaxMercadeo.96963914aMaderaxCubicación.96959914aTablas de volúmenes y rendimientos.9111296 aFinding aiduhttp://10.13.5.2/tesis/sist115243.pdfzTeclea aquí aBK cTESIS n0 c111704d111704 00104054718TESISaBCbBCd2019-01-21fTESISl0oTesisp115251-10r2019-12-31 00:00:00w2019-12-31yTESISzRecien adquirido